00615nam a22001817a 450000500170000000800410001702000220005804000140008004100080009410000200010224501030012226000480022530000420027350000420031563000260035765000290038370000210041220170928101422.0170928b xxu||||| |||| 00| 0 eng d a978-0-19-870581-9 aBUACcBUC aFre aChirwa, Ephraim aAgricultural Input Subsidies :bThe recent Malawi Experiencec/ par Ephraim Chirwa, Andrew Dorward aNew-york :bOxford university press, c2013 aXVI-298bCouv. ill; en coul. ;c24 cm aBibliogr. pp 273-288 Index pp 289-298 aSciences Appliquées aAgriculture : Subvention a Dorward, Andrew